| 000 | 00418nam a2200145Ia 4500 | ||
|---|---|---|---|
| 008 | 170224s9999 xx 000 0 und d | ||
| 100 | _aThomas Schleicher | ||
| 245 | _aAre interim management statements redundant? | ||
| 245 | _cThomas Schleicher & Martin Walker | ||
| 260 | _bAccounting and Business Research | ||
| 260 | _c2015 | ||
| 300 | _a45:2, pages 229-255 | ||
| 650 | _xAccountancy | ||
| 650 | _xAccounting | ||
| 999 |
_c316090 _d316090 |
||